000 00504nam a2200157 a 4500
001 000030378
005 20220823125740.0
008 110516s19uu dr ac 000 0 spa d
040 _aDO-SdBNP
_bspa
_cBNPHU
082 _axxx
_bR426
110 2 _aBanco de Reservas de la República Dominicana
_96285
245 1 0 _aBanco de Reservas de la República Dominicana :
_binforme anual 1983.
260 _aSanto Domingo :
_bBanco de Reservas,
_c[19--?].
300 _a42 p. :
_bil., retr. ;
_c29 cm.
049 _aBNPD
999 _c29870
_d29870